000 00658nam a2200265Ia 4500
005 20260302115649.0
008 008 260114s9999 xx 000 0 eng d
020 _a9781350492974
037 _aTextbook
040 _aCRL
040 _beng
040 _cCRL
041 _2eng
041 _aeng
084 _qCRL
100 _aCaroline Fehl
_91122273
245 0 _aTennessee Williams
260 _bBloomsbury
260 _bMethuen Drama
260 _c1987
650 _aLiterary Studies
856 _uhttps://doi.org/10.1007/978-1-349-18654-9?locatt=label:secondary_bloomsburyCollections
942 _cEBOOK
999 _c1687042
_d1687042